• 首页
  • 本馆介绍
  • 公告通知
  • 最新文献
  • 馆藏检索
  • 电子资源
  • 读者导购
  • 参考咨询
  • 我的图书馆
  • 登录
  • 详细信息显示
  • 放入我的书架
  • 预约/预借图书
  • 作者相关作品
  • 分类相关作品
  • 丛书相关作品
  • 出版社相关作品

书目信息

  • 表格格式
  • 工作单格式
  • 卡片格式
题名:
政府工作报告
    
 
作者: 华国锋 , 朱镕基报告 报告
分册:  
出版信息: 北京   人民出版社  2000
页数: 39页
开本: 19cm
丛书名:
单 册:
中图分类: D220 , D623
科图分类:
主题词: 政府工作报告-全国人民代表大会,第九届--中国 , 政治--中国
电子资源:
ISBN: 7-01-003177-0
000 00990nam0 2200277 45
001 0179003662
005 20070707162848.01
010    @a7-01-003177-0@dCNY2.60
100    @a19950713d2000 em y0chiy0121 ea
101 0  @achi
102    @aCN@b110000
102    @aCN@b110000
105    @ay z 100yy
200 10 @a政府工作报告@Azheng fu gong zuo bao gao@e2000年3月5日在第九届全国人民代表大会第三次会议上@f朱镕基报告@Fzhu rong ji bao gao
210    @a北京@c人民出版社@d2000
215    @a39页@d19cm
517 1  @a2000年3月5日在第九届全国人民代表大会第三次会议上@A2000 nian 3 yue 5 ri zai di jiu jie quan guo ren min dai biao da hui di san ci hui yi shang
601 12 @a全国人民代表大会,第九届@x政府工作报告@y中国
606    @a政府工作报告-全国人民代表大会,第九届@y中国
606 0  @a政治@x中国
690    @aD220@v4
690    @aD623@v3
701  0 @a华国锋@Ahua guo feng@4报告
701  0 @a朱镕基报告@Azhu rong ji bao gao
801  0 @aCN@bTSSF@c20070707
905    @a10447@dD623@e32
    
    政府工作报告:2000年3月5日在第九届全国人民代表大会第三次会议上/朱镕基报告.-北京:人民出版社,2000
    39页;19cm
    
    
    ISBN 7-01-003177-0:CNY2.60
    
●
相关链接 在E读中查询图书 在五车中查询图书 在当当中查询图书 在豆瓣中查询图书


正题名:政府工作报告     索取号:D623/32         预约/预借

序号 登录号 条形码 馆藏地/架位号 状态 备注
1 0766730   207667309   第一样本阅览室/ [索取号:D623/32] 在馆    
唐山师范学院图书馆 欢迎您!
大连网信软件有限公司© 版权所有